Quiz Jeux Vidéo Via Logo | Facile - Statistiques

Statistiques générales
  • Ce quiz a été pris 212 fois
  • Le résultat moyen est 9 sur 10
Statistiques - réponses
Par images Réponse % Correct
Minecraft
99%
Pokemon
99%
Fortnite
96%
Roblox
90%
PacMan
89%
Rocket League
88%
League Of Legends
78%
Clash of Clans
75%
Assassin's Creed
74%
Temple Run
67%
Aucun quiz correspondant
Distribution des résultats
% des personnes avec chaque résultat
Percentile par nombre de réponses
Votre historique - résultats
Vous n’avez pas pris ce quiz